[Event "21st Panam-ch"]
[Site "Mar del Plata ARG"]
[Date "2012.10.15"]
[Round "5.25"]
[White "Flores, Diego"]
[Black "Tapie Amione, Pablo Adib"]
[Result "1-0"]
[WhiteElo "2598"]
[BlackElo "2240"]
[EventDate "2012.10.12"]
[PlyCount "77"]

1.g3 c5 2.Bg2 Nc6 3.c4 g6 4.e3 Bg7 5.Ne2 e5 6.Nbc3 Nge7 7.O-O O-O 8.a3 a5 
9.Rb1 d6 10.d3 Rb8 11.b3 h6 12.Bb2 Be6 13.Nd5 b5 14.Qd2 Kh7 15.Nec3 b4 16.
axb4 Bxd5 17.Nxd5 Nxd5 18.Bxd5 Nxb4 19.Bg2 Qc7 20.Bc3 f5 21.Ra1 f4 22.Be4 
fxe3 23.fxe3 Rxf1+ 24.Rxf1 Rf8 25.Ra1 Rf6 26.Qe2 Kg8 27.Rf1 Qf7 28.Rxf6 
Qxf6 29.Qg4 Kh7 30.h4 h5 31.Qxh5+ Bh6 32.Qe2 Kg7 33.Kg2 Kf7 34.Be1 Bf8 35.
h5 gxh5 36.Qxh5+ Ke7 37.g4 Qh6 38.Bh4+ Kd7 39.Qf7+ 1-0

[Event "21st Panam-ch"]
[Site "Mar del Plata ARG"]
[Date "2012.10.15"]
[Round "5.26"]
[White "Barbosa, Evandro Amorim"]
[Black "Rioseco Pinochet, Fernan"]
[Result "1/2-1/2"]
[WhiteElo "2427"]
[BlackElo "2236"]
[EventDate "2012.10.12"]
[PlyCount "80"]

1.e4 c5 2.Nf3 Nc6 3.Bb5 e6 4.Bxc6 bxc6 5.d3 d5 6.Qe2 Nf6 7.c4 Be7 8.O-O 
O-O 9.Nc3 Re8 10.b3 Nd7 11.Ba3 Bb7 12.Na4 Bf8 13.Rac1 Rc8 14.e5 f6 15.Rfe1
fxe5 16.Nxe5 Nxe5 17.Qxe5 Bd6 18.Qe3 d4 19.Qd2 Qe7 20.Re4 Rf8 21.g3 Rf6 
22.Qg5 h6 23.Qh5 Rcf8 24.f4 Rf5 25.Qe2 Bc8 26.Re1 R8f6 27.Bc1 Qf7 28.g4 
Rxf4 29.Bxf4 Bxf4 30.Rf1 e5 31.Kh1 h5 32.gxh5 Bh3 33.Rg1 Be3 34.Rxe3 dxe3 
35.Qxe3 Rf3 36.Qxe5 Rf1 37.Qe2 Rf2 38.Qe3 Rf3 39.Qe2 Rf2 40.Qe3 Rf3 
1/2-1/2

[Event "21st Panam-ch"]
[Site "Mar del Plata ARG"]
[Date "2012.10.15"]
[Round "5.27"]
[White "Caceres Vasquez, Sergio"]
[Black "Soppe, Guillermo"]
[Result "0-1"]
[WhiteElo "2213"]
[BlackElo "2417"]
[EventDate "2012.10.12"]
[PlyCount "92"]

1.d4 d5 2.c4 dxc4 3.Nf3 a6 4.e3 Bg4 5.Bxc4 e6 6.O-O Nf6 7.Nbd2 Nc6 8.b3 
Bd6 9.Bb2 O-O 10.Qc2 Qe7 11.Ne5 Nb4 12.Qb1 b5 13.a3 bxc4 14.bxc4 Bf5 15.e4
Nxe4 16.Nxe4 Bxe5 17.dxe5 Nc6 18.Qc2 Rab8 19.Rfe1 Qh4 20.f3 Rfd8 21.Rab1 
h6 22.Bc3 Qf4 23.Rxb8 Rxb8 24.Qd2 Qxd2 25.Nxd2 Rd8 26.Kf2 Nd4 27.Bxd4 Rxd4
28.Ke2 Rd3 29.Ra1 Rc3 30.Ra2 Bd3+ 31.Kd1 Bxc4 32.Nxc4 Rxc4 33.Rb2 Ra4 34.
Rb3 g5 35.Rc3 Kg7 36.Kc2 h5 37.g3 Kg6 38.Kd2 c6 39.h3 Ra5 40.f4 gxf4 41.
gxf4 Kf5 42.Ke3 h4 43.Rxc6 Rxa3+ 44.Ke2 Kxf4 45.Rc7 Rxh3 46.Rxf7+ Kxe5 0-1

[Event "21st Panam-ch"]
[Site "Mar del Plata ARG"]
[Date "2012.10.15"]
[Round "5.28"]
[White "Martinez Romero, Martin"]
[Black "Lingua, Alejo"]
[Result "1-0"]
[WhiteElo "2368"]
[BlackElo "2232"]
[EventDate "2012.10.12"]
[PlyCount "93"]

1.d4 Nf6 2.c4 c5 3.Nf3 cxd4 4.Nxd4 e5 5.Nc2 d5 6.cxd5 Qxd5 7.Qxd5 Nxd5 8.
g3 Nc6 9.Bg2 Be6 10.O-O Bc5 11.Nd2 f6 12.Ne4 Bb6 13.b3 O-O 14.Ba3 Rfd8 15.
Rfd1 Rd7 16.Rd3 Rad8 17.Rad1 Nd4 18.Nxd4 exd4 19.Bc5 Nc3 20.Bxb6 axb6 21.
Nxc3 dxc3 22.Rxd7 Rxd7 23.Rxd7 Bxd7 24.Be4 g6 25.Kf1 Bc6 26.Bd3 b5 27.a3 
Bd5 28.Bc2 f5 29.f3 Kf7 30.Kf2 Kf6 31.Ke3 Ke5 32.f4+ Kd6 33.Kd4 Be6 34.
Kxc3 Kc5 35.Bd3 Bd7 36.e4 fxe4 37.Bxe4 b6 38.b4+ Kd6 39.Kd4 Be6 40.Bd3 Bd7
41.h4 Be8 42.h5 Ke6 43.h6 Kf6 44.Kd5 Ke7 45.Ke5 Bf7 46.Bxb5 Bb3 47.Bd3 1-0

[Event "21st Panam-ch"]
[Site "Mar del Plata ARG"]
[Date "2012.10.15"]
[Round "5.29"]
[White "Mackeprang, Luis"]
[Black "Toth, Christian Endre"]
[Result "1/2-1/2"]
[WhiteElo "2145"]
[BlackElo "2357"]
[EventDate "2012.10.12"]
[PlyCount "99"]

1.e4 c5 2.Nf3 d6 3.d4 cxd4 4.Nxd4 Nf6 5.Nc3 Nc6 6.Be2 g6 7.Be3 Bg7 8.O-O 
O-O 9.h3 Nxd4 10.Bxd4 Bd7 11.Qd3 Bc6 12.Rad1 Qa5 13.f4 Nd7 14.Bxg7 Kxg7 
15.a3 Rac8 16.Qd4+ Kg8 17.Rf2 Qc5 18.b4 Qxd4 19.Rxd4 Nb6 20.b5 Bd7 21.Rf3 
Rc5 22.a4 Rfc8 23.a5 Rxc3 24.Rxc3 Rxc3 25.axb6 axb6 26.e5 Rxc2 27.Bf1 Rb2 
28.exd6 Kf8 29.g3 Ke8 30.Bg2 Rxb5 31.Bxb7 Rb1+ 32.Kf2 Bxh3 33.Re4 Be6 34.
g4 Rb2+ 35.Ke3 Rb3+ 36.Kf2 Rc3 37.f5 gxf5 38.gxf5 Bxf5 39.Rxe7+ Kf8 40.Bd5
Bg6 41.Re5 Rc8 42.d7 Rd8 43.Bc6 f6 44.Re1 Kg7 45.Kg3 f5 46.Kf4 Kf6 47.Re8 
Bxe8 48.dxe8=Q Rxe8 49.Bxe8 Ke6 50.Bb5 1/2-1/2

[Event "21st Panam-ch"]
[Site "Mar del Plata ARG"]
[Date "2012.10.15"]
[Round "5.30"]
[White "Leiva, Giuseppe"]
[Black "Contreras Rodriguez, Henry"]
[Result "1/2-1/2"]
[WhiteElo "2321"]
[BlackElo "2220"]
[EventDate "2012.10.12"]
[PlyCount "83"]

1.d4 Nf6 2.Nf3 g6 3.c4 Bg7 4.g3 d6 5.Bg2 O-O 6.O-O c6 7.Nc3 Qa5 8.e4 Qh5 
9.Ng5 e5 10.dxe5 Ng4 11.h3 Nxe5 12.Qxh5 gxh5 13.Rd1 h6 14.Nf3 Nxc4 15.Bf1 
Ne5 16.Nh4 Rd8 17.Bf4 Na6 18.Rd2 Nc7 19.Rad1 Ne8 20.Kg2 Be6 21.Be2 Rd7 22.
Bxe5 Bxe5 23.f4 Bxc3 24.bxc3 b5 25.Bxh5 Rb7 26.Bf3 Rb6 27.g4 Ra6 28.e5 
dxe5 29.fxe5 Kf8 30.Nf5 h5 31.Kg3 Rc8 32.Kf4 Ra4+ 33.Kg5 Rc4 34.Rd3 Rc5 
35.Re3 Rc7 36.a3 hxg4 37.hxg4 a5 38.Rh1 Bxf5 39.gxf5 Kg8 40.Bg4 Rd7 41.Kf4
Rd2 42.f6 {Ilegible} 1/2-1/2

[Event "21st Panam-ch"]
[Site "Mar del Plata ARG"]
[Date "2012.10.15"]
[Round "5.31"]
[White "Fiori, Alberto Nicolas"]
[Black "Abdalla, Luiz Guilherme Aurelli"]
[Result "1/2-1/2"]
[WhiteElo "2159"]
[BlackElo "2316"]
[EventDate "2012.10.12"]
[PlyCount "42"]

1.e4 c5 2.Nf3 e6 3.d4 cxd4 4.Nxd4 Nf6 5.Nc3 d6 6.Be2 Be7 7.Be3 Nc6 8.O-O 
O-O 9.f4 Bd7 10.Nb3 a5 11.a4 Nb4 12.Kh1 Rc8 13.Bf3 e5 14.Qd2 Be6 15.Rad1 
Nd7 16.f5 Bc4 17.Be2 b6 18.Rf3 Qc7 19.Rh3 Rfd8 20.Bxc4 Qxc4 21.Qf2 Nc5 
1/2-1/2

[Event "21st Panam-ch"]
[Site "Mar del Plata ARG"]
[Date "2012.10.15"]
[Round "5.32"]
[White "Estrada Nieto, Julian"]
[Black "Arcos Facio, Mateo"]
[Result "1/2-1/2"]
[WhiteElo "2310"]
[BlackElo "2174"]
[EventDate "2012.10.12"]
[PlyCount "40"]

1.e4 e5 2.Nf3 Nc6 3.Bb5 f5 4.d3 fxe4 5.dxe4 Nf6 6.O-O Bc5 7.Nc3 d6 8.Be3 
Bb6 9.Nd5 O-O 10.Bg5 Kh8 11.a4 Bg4 12.Be2 Qe8 13.Nxf6 gxf6 14.Be3 Rg8 15.
Nh4 Qh5 16.Nf3 f5 17.exf5 Raf8 18.Bxb6 axb6 19.Kh1 Rxf5 20.Ra3 Qf7 1/2-1/2

[Event "21st Panam-ch"]
[Site "Mar del Plata ARG"]
[Date "2012.10.15"]
[Round "5.33"]
[White "Nina Campos, Miguel Angel"]
[Black "Caceres Recalde, Fernando"]
[Result "0-1"]
[WhiteElo "2298"]
[BlackElo "2159"]
[EventDate "2012.10.12"]
[PlyCount "90"]

1.d4 Nf6 2.Nf3 g6 3.g3 Bg7 4.Bg2 O-O 5.O-O d6 6.c4 c6 7.Nc3 Qa5 8.e4 Bg4 
9.h3 Bxf3 10.Bxf3 e5 11.Be3 Nbd7 12.Bg2 exd4 13.Bxd4 Qa6 14.b3 Rfe8 15.Rc1
Rad8 16.Re1 Nc5 17.Qc2 Ne6 18.Be3 Nd7 19.Red1 c5 20.Nb5 Nb8 21.a3 Qb6 22.
Nc3 Nc6 23.Nd5 Qa5 24.Qa2 b5 25.Bd2 b4 26.a4 Ne7 27.h4 Nxd5 28.cxd5 Nd4 
29.Bg5 Rc8 30.Be3 Nb5 31.Qc2 Nc3 32.Re1 c4 33.Bf4 Qb6 34.a5 Qb8 35.f3 Rc5 
36.Ra1 cxb3 37.Qxb3 Ne2+ 38.Kh2 Nxf4 39.gxf4 Bxa1 40.Rxa1 Rec8 41.Qb2 Qb5 
42.Rb1 Rb8 43.h5 Qxa5 44.f5 Qd8 45.hxg6 hxg6 0-1

[Event "21st Panam-ch"]
[Site "Mar del Plata ARG"]
[Date "2012.10.15"]
[Round "5.34"]
[White "Paiva, Pedro Henrique de"]
[Black "Postolski, Javier"]
[Result "1-0"]
[WhiteElo "2289"]
[BlackElo "2006"]
[EventDate "2012.10.12"]
[PlyCount "59"]

1.e4 c5 2.Nf3 d6 3.d4 cxd4 4.Nxd4 Nf6 5.Nc3 a6 6.Bg5 e6 7.f4 Be7 8.Qf3 Qc7
9.O-O-O Nbd7 10.g4 b5 11.Bxf6 Bxf6 12.Bxb5 Bb7 13.Ba4 O-O 14.g5 Be7 15.
Bxd7 Qxd7 16.h4 f5 17.Qh3 Rab8 18.Rhe1 Kh8 19.exf5 exf5 20.Qe3 Bd8 21.Qe6 
Qc7 22.Qxf5 Rg8 23.Qd3 Qf7 24.Ne6 Ba5 25.Re3 Bc8 26.g6 hxg6 27.h5 g5 28.
Nxg5 Qf5 29.Rh1 g6 30.Qd4+ 1-0

[Event "21st Panam-ch"]
[Site "Mar del Plata ARG"]
[Date "2012.10.15"]
[Round "5.35"]
[White "Toniutti, Ezio"]
[Black "Umetsubo, Cesar Hidemitsu"]
[Result "0-1"]
[WhiteElo "2162"]
[BlackElo "2276"]
[EventDate "2012.10.12"]
[PlyCount "46"]

1.d4 Nf6 2.c4 e6 3.g3 d5 4.Nf3 c5 5.cxd5 exd5 6.Nc3 Nc6 7.Bg2 Be7 8.O-O 
O-O 9.Bg5 cxd4 10.Nxd4 h6 11.Be3 Be6 12.Rc1 Ng4 13.Bf4 g5 14.Nxe6 fxe6 15.
Bd2 Nf6 16.Na4 Rc8 17.Nc5 Bxc5 18.Rxc5 Qb6 19.Rc2 Kg7 20.Bc1 e5 21.Bxd5 
Nd4 22.Rxc8 Rxc8 23.Bb3 Rxc1 0-1

[Event "21st Panam-ch"]
[Site "Mar del Plata ARG"]
[Date "2012.10.15"]
[Round "5.36"]
[White "Sperb, Eduardo Quintana"]
[Black "Viana, Dirceu"]
[Result "0-1"]
[WhiteElo "2040"]
[BlackElo "2275"]
[EventDate "2012.10.12"]
[PlyCount "94"]

1.e4 e5 2.Nf3 Nc6 3.Bb5 a6 4.Bxc6 dxc6 5.d4 exd4 6.Qxd4 Qxd4 7.Nxd4 Bd7 8.
Be3 O-O-O 9.Nc3 Bb4 10.Ne2 Ne7 11.O-O-O Ng6 12.a3 Bd6 13.Na4 Kb8 14.Nc5 
Bc8 15.f3 Rhe8 16.Nc3 f6 17.Nd3 b6 18.Ne2 c5 19.Ndf4 Nxf4 20.Bxf4 Kb7 21.
Bg3 Kc6 22.Rd2 Be7 23.Rxd8 Rxd8 24.Rd1 Bd6 25.Nf4 Re8 26.Nh5 Re7 27.Re1 
Bd7 28.Nf4 b5 29.Nd5 Re8 30.Nf4 a5 31.Nh5 Re7 32.Rd1 Be8 33.Nf4 Bd7 34.Ne2
Be8 35.a4 b4 36.b3 f5 37.Bxd6 cxd6 38.Ng3 fxe4 39.fxe4 Bg6 40.Re1 h5 41.
Kd2 h4 42.Nf1 Rxe4 43.g3 hxg3 44.hxg3 d5 45.Ne3 Kd6 46.Kd1 Ke5 47.Ke2 Kd4 
0-1

[Event "21st Panam-ch"]
[Site "Mar del Plata ARG"]
[Date "2012.10.15"]
[Round "5.37"]
[White "Palmiotto, Marco Ivan"]
[Black "Feliciano Ebert, Vanessa"]
[Result "1-0"]
[WhiteElo "1985"]
[BlackElo "2268"]
[EventDate "2012.10.12"]
[PlyCount "127"]

1.e4 c5 2.Nf3 Nc6 3.d3 e5 4.g3 g6 5.Bg2 Bg7 6.O-O Nge7 7.c3 d6 8.a4 O-O 9.
Na3 h6 10.h3 Be6 11.Rb1 Qd7 12.Kh2 Rac8 13.b4 cxb4 14.cxb4 d5 15.b5 Na5 
16.Qe1 dxe4 17.dxe4 Nc4 18.Qb4 Rfd8 19.Bb2 a5 20.Qe1 Nxb2 21.Rxb2 Qd3 22.
Nb1 b6 23.Nbd2 Rc2 24.Qb1 Rxb2 25.Qxb2 g5 26.Re1 Ng6 27.Bf1 Qd7 28.Nc4 Qc7
29.Ne3 Ne7 30.Rc1 Qb7 31.Qb1 f5 32.Bd3 Bf7 33.Ne1 f4 34.Nc4 Qd7 35.Qb2 Qe6
36.Na3 Qg6 37.Qe2 Rd4 38.Bc2 Qd6 39.Nb1 Qb4 40.Rd1 Nc8 41.Rxd4 Qxd4 42.Nf3
Qc5 43.Bd3 Nd6 44.Qc2 Nc4 45.g4 Be6 46.Kg2 Kf7 47.Nbd2 Nd6 48.Qxc5 bxc5 
49.b6 Ke7 50.Bc4 Bc8 51.Bd5 Kd7 52.Nb3 Nb7 53.Nfd2 Bf8 54.Nc4 Bd6 55.Kf1 
Nd8 56.Nbxa5 Ba6 57.Ke1 Bb8 58.Kd2 Ne6 59.Nc6 Bd6 60.N6xe5+ Bxe5 61.Nxe5+ 
Kd6 62.Nf7+ Ke7 63.Bxe6 Kxe6 64.b7 1-0

[Event "21st Panam-ch"]
[Site "Mar del Plata ARG"]
[Date "2012.10.15"]
[Round "5.38"]
[White "Espinoza Palomino, Willyam"]
[Black "Heinecke, Lucas"]
[Result "1-0"]
[WhiteElo "2265"]
[BlackElo "1978"]
[EventDate "2012.10.12"]
[PlyCount "79"]

1.e4 c5 2.Nf3 d6 3.d4 cxd4 4.Nxd4 Nf6 5.Nc3 g6 6.Be3 Bg7 7.f3 O-O 8.Qd2 
Nc6 9.Bc4 Bd7 10.O-O-O Rb8 11.Bb3 Na5 12.g4 b5 13.Bh6 Bxh6 14.Qxh6 Nxb3+ 
15.Nxb3 b4 16.Nd5 Nxd5 17.exd5 Rb6 18.h4 e5 19.Nd2 Qf6 20.h5 Qg7 21.Qe3 g5
22.h6 Qg6 23.Ne4 f6 24.Kb1 Rc8 25.b3 Qf7 26.Rc1 Be8 27.c3 bxc3 28.Rxc3 
Rxc3 29.Qxc3 Qe7 30.Qc8 Kf8 31.Rc1 Rb7 32.Qa8 Rc7 33.Rxc7 Qxc7 34.Nxf6 Qe7
35.Qxe8+ Qxe8 36.Nxe8 Kxe8 37.Kc2 Kf7 38.Kd3 Kg6 39.b4 Kxh6 40.b5 1-0

[Event "21st Panam-ch"]
[Site "Mar del Plata ARG"]
[Date "2012.10.15"]
[Round "5.39"]
[White "Cuevas, Alex"]
[Black "Fiora, Emilio"]
[Result "1-0"]
[WhiteElo "2263"]
[BlackElo "1954"]
[EventDate "2012.10.12"]
[PlyCount "91"]

1.b3 c5 2.Bb2 Nc6 3.Nf3 d6 4.d4 cxd4 5.Nxd4 Nf6 6.g3 g6 7.Bg2 Bd7 8.O-O 
Bg7 9.c4 O-O 10.Nc3 Rc8 11.e4 Qb6 12.Nde2 Ne5 13.Rb1 Rfd8 14.h3 a5 15.Bc1 
Be6 16.Be3 Qa6 17.a4 Ned7 18.Nd5 Bxd5 19.exd5 Nc5 20.Nc3 Nfd7 21.Nb5 Ne5 
22.Re1 Bf6 23.Re2 Ncd3 24.Rd2 Nb4 25.h4 b6 26.h5 Qb7 27.Kh2 Rb8 28.Bd4 Nd7
29.Be3 Nc5 30.Bd4 Nd7 31.Be3 Nc5 32.f4 Qd7 33.Bh3 Qe8 34.Qf3 Qf8 35.g4 Qg7
36.g5 Bc3 37.Re2 Ncd3 38.Bd2 Bxd2 39.Rxd2 Nc5 40.Re1 Rb7 41.Nd4 f5 42.gxf6
Qxf6 43.hxg6 hxg6 44.Ne6 Rbb8 45.Nxc5 bxc5 46.Re6 1-0

[Event "21st Panam-ch"]
[Site "Mar del Plata ARG"]
[Date "2012.10.15"]
[Round "5.40"]
[White "Cervetto, Esteban"]
[Black "Mahia, Gustavo"]
[Result "1-0"]
[WhiteElo "2100"]
[BlackElo "2409"]
[EventDate "2012.10.12"]
[PlyCount "93"]

1.e4 e6 2.d4 d5 3.Nc3 Bb4 4.e5 c5 5.a3 Bxc3+ 6.bxc3 Ne7 7.Nf3 Bd7 8.a4 Qa5
9.Bd2 Qc7 10.Bd3 Nbc6 11.O-O c4 12.Be2 f6 13.exf6 gxf6 14.Nh4 O-O-O 15.Qc1
Ng6 16.Nxg6 hxg6 17.Bf4 Qa5 18.Qa3 g5 19.Bd6 Be8 20.f4 gxf4 21.Rxf4 Rxd6 
22.Qxd6 Qxc3 23.Rd1 Qe3+ 24.Rf2 f5 25.Qf4 Qa3 26.g4 fxg4 27.Bxg4 Bd7 28.
Qf6 Rg8 29.Rg2 Qxa4 30.h4 Qa3 31.h5 Qe3+ 32.Qf2 Qh6 33.Rf1 b5 34.Qf4 Qh7 
35.Qd6 Qe4 36.Rf8+ Rxf8 37.Qxf8+ Kc7 38.Qf2 Nxd4 39.h6 Nc6 40.Bf3 Qf5 41.
Bg4 Qg6 42.Qh4 Qh7 43.Bd1 b4 44.Rg7 Qf5 45.h7 b3 46.h8=Q bxc2 47.Qh2+ 1-0

[Event "21st Panam-ch"]
[Site "Mar del Plata ARG"]
[Date "2012.10.15"]
[Round "5.41"]
[White "Zuluaga Mancilla, Cesar"]
[Black "Salvatti, Diego"]
[Result "1/2-1/2"]
[WhiteElo "2394"]
[BlackElo "2112"]
[EventDate "2012.10.12"]
[PlyCount "96"]

1.d4 e6 2.Nf3 c5 3.e3 Nc6 4.Bd3 b6 5.O-O Bb7 6.c3 Be7 7.b3 cxd4 8.exd4 Bf6
9.Bb2 Nge7 10.Nbd2 d5 11.Re1 O-O 12.Ne5 Ng6 13.Ndf3 Nce7 14.a4 Nc8 15.a5 
Nd6 16.a6 Bc8 17.Ba3 Re8 18.Qd2 Qc7 19.c4 dxc4 20.bxc4 Bd7 21.Rac1 Nf5 22.
Ng4 Be7 23.Bxe7 Nfxe7 24.Nge5 Rad8 25.Ng5 Rf8 26.Qe3 Nf5 27.Bxf5 exf5 28.
Qh3 h6 29.Ngxf7 Rxf7 30.Nxg6 Bc8 31.Ne5 Rf6 32.d5 Bxa6 33.Nc6 Rd7 34.Qa3 
Bc8 35.Re8+ Kh7 36.Nxa7 Qxa7 37.Qxa7 Rxa7 38.Rxc8 Kg6 39.Rb1 Kf7 40.Kf1 
Ke7 41.Rb8 Rc7 42.Rb4 Rg6 43.f4 h5 44.Kf2 h4 45.Kf3 Rh6 46.g3 hxg3 47.hxg3
Rg6 48.Kf2 Kf7 {Ilegible} 1/2-1/2

[Event "21st Panam-ch"]
[Site "Mar del Plata ARG"]
[Date "2012.10.15"]
[Round "5.42"]
[White "Lujan, Carolina"]
[Black "Baeta, Marcio Netto"]
[Result "1-0"]
[WhiteElo "2379"]
[BlackElo "2101"]
[EventDate "2012.10.12"]
[PlyCount "69"]

1.e4 Nf6 2.e5 Nd5 3.d4 d6 4.Nf3 dxe5 5.Nxe5 g6 6.Bc4 c6 7.Qf3 Be6 8.O-O 
Bg7 9.Re1 O-O 10.c3 Nd7 11.Nd2 Nxe5 12.dxe5 Nc7 13.Bd3 Qd5 14.Qg3 Rad8 15.
Bc2 Bf5 16.Bb3 Qd7 17.Nf3 Ne6 18.Be3 b6 19.Qh4 h5 20.h3 Nc7 21.Bg5 Nd5 22.
Bxd5 Qxd5 23.Bxe7 Rd7 24.Bxf8 Kxf8 25.Nd4 Be6 26.f4 c5 27.Nxe6+ fxe6 28.
Qf2 Qc4 29.Rad1 Rxd1 30.Rxd1 Qxa2 31.Rd8+ Kf7 32.Qd2 Qb1+ 33.Kh2 g5 34.
Qd7+ Kg6 35.Qxe6+ 1-0

[Event "21st Panam-ch"]
[Site "Mar del Plata ARG"]
[Date "2012.10.15"]
[Round "5.43"]
[White "Santiago, Yago de Moura"]
[Black "Judewicz, Alejandro"]
[Result "1-0"]
[WhiteElo "2364"]
[BlackElo "2084"]
[EventDate "2012.10.12"]
[PlyCount "89"]

1.e4 e6 2.d4 d5 3.Nc3 Bb4 4.e5 c5 5.a3 Bxc3+ 6.bxc3 Qa5 7.Bd2 Qa4 8.Qb1 c4
9.h4 h5 10.Ne2 Ne7 11.Nf4 Nbc6 12.g3 Nf5 13.Qb2 Qa5 14.Bh3 Nce7 15.Ne2 Qc7
16.O-O Bd7 17.a4 Bc6 18.Nf4 g6 19.a5 Rb8 20.Ne2 Kd7 21.Bg5 Rhf8 22.Qa3 
Rfe8 23.f3 Ng8 24.Bxf5 exf5 25.Nf4 Re6 26.Qc5 a6 27.Nxe6 Kxe6 28.Rfe1 Rc8 
29.Rab1 Bb5 30.Qa3 Qc6 31.Kf2 Qd7 32.Re2 Qc6 33.Rbe1 Qd7 34.Bf4 Rc6 35.Qf8
Qc8 36.Qg7 Rc7 37.g4 hxg4 38.fxg4 fxg4 39.h5 gxh5 40.Qg5 Qf8 41.Rh1 Kd7 
42.Qf5+ Kd8 43.Rxh5 Rc6 44.Rh8 Rg6 45.e6 1-0

[Event "21st Panam-ch"]
[Site "Mar del Plata ARG"]
[Date "2012.10.15"]
[Round "5.44"]
[White "Della Morte, German"]
[Black "Crespo, Eugenio"]
[Result "1/2-1/2"]
[WhiteElo "2346"]
[BlackElo "2076"]
[EventDate "2012.10.12"]
[PlyCount "133"]

1.e4 e6 2.d4 d5 3.Nc3 dxe4 4.Nxe4 Nd7 5.Nf3 Ngf6 6.Bd3 c5 7.Nxf6+ Nxf6 8.
Be3 Nd5 9.O-O Be7 10.dxc5 O-O 11.Bd4 Qc7 12.c4 Nb4 13.Bb1 Rd8 14.Qc1 Bxc5 
15.Be5 Qe7 16.Bc3 f6 17.a3 Nc6 18.b4 Nd4 19.Kh1 Nxf3 20.bxc5 Nd4 21.Qb2 
Qxc5 22.f4 Nf5 23.Be4 Qxc4 24.Bxf5 exf5 25.Bxf6 gxf6 26.Qxf6 Bd7 27.Rf3 
Be8 28.Re1 Bg6 29.h4 Qf7 30.Qg5 Re8 31.Rxe8+ Rxe8 32.h5 Qe7 33.Qxe7 Rxe7 
34.hxg6 hxg6 35.Rc3 Kf7 36.Kh2 Ke6 37.Kg3 Kf6 38.Kf3 Re1 39.Rb3 Re7 40.g4 
fxg4+ 41.Kxg4 b6 42.Rc3 b5 43.Rc5 a6 44.Rc8 Re3 45.Rc6+ Re6 46.Rc7 Rb6 47.
Ra7 Ke6 48.Kg5 Kd5 49.Rg7 Ke4 50.Re7+ Kd4 51.Rg7 Ke4 52.Re7+ Kd5 53.Rg7 a5
54.Rxg6 Rxg6+ 55.Kxg6 b4 56.axb4 axb4 57.f5 b3 58.f6 b2 59.f7 b1=Q+ 60.Kg7
Qg1+ 61.Kh7 Qh2+ 62.Kg7 Qg3+ 63.Kh7 Qh4+ 64.Kg7 Qg5+ 65.Kh7 Qe7 66.Kg8 
Qg5+ 67.Kh7 1/2-1/2

[Event "21st Panam-ch"]
[Site "Mar del Plata ARG"]
[Date "2012.10.15"]
[Round "5.45"]
[White "Supi, Luis Paulo"]
[Black "Morelli, Nicolas"]
[Result "1-0"]
[WhiteElo "2287"]
[BlackElo "2036"]
[EventDate "2012.10.12"]
[PlyCount "87"]

1.e4 e5 2.Nf3 Nc6 3.Bb5 a6 4.Ba4 Nf6 5.d3 b5 6.Bb3 Be7 7.a4 b4 8.O-O d6 9.
a5 O-O 10.Nbd2 Be6 11.Re1 Nd7 12.c3 Bxb3 13.Qxb3 bxc3 14.bxc3 Nc5 15.Qc4 
Na7 16.d4 exd4 17.cxd4 Nxe4 18.Nxe4 d5 19.Qxa6 dxe4 20.Rxe4 Bf6 21.Ba3 Qd5
22.Bxf8 Qxe4 23.Bc5 Qc6 24.Qxc6 Nxc6 25.a6 Be7 26.Ne5 Bxc5 27.Nxc6 Bb6 28.
a7 f6 29.g3 Kf7 30.Re1 h5 31.Kg2 g5 32.f3 Bxd4 33.Nxd4 Rxa7 34.Rc1 Kg6 35.
Rc2 Ra4 36.Ne2 Ra7 37.Kf2 Rb7 38.Nd4 Kf7 39.Ke3 Ke7 40.Rc6 Ra7 41.Ke4 Kf7 
42.Nb5 Ra2 43.Kf5 Rxh2 44.Rxc7+ 1-0

[Event "21st Panam-ch"]
[Site "Mar del Plata ARG"]
[Date "2012.10.15"]
[Round "5.46"]
[White "Tokman, Ariel"]
[Black "Pirola, Marcos"]
[Result "1-0"]
[WhiteElo "2283"]
[BlackElo "2070"]
[EventDate "2012.10.12"]
[PlyCount "89"]

1.c4 g6 2.Nc3 Bg7 3.g3 e5 4.Bg2 Nc6 5.e3 d6 6.Nge2 h5 7.h3 Bf5 8.d3 Nge7 
9.Rb1 a5 10.O-O O-O 11.a3 Qd7 12.Kh2 Be6 13.Nd5 f5 14.f4 Rad8 15.Nec3 Nb8 
16.Bd2 c6 17.Nxe7+ Qxe7 18.Ne2 Qc7 19.Qa4 b6 20.d4 c5 21.d5 Bd7 22.Qb3 e4 
23.Nc3 Bf6 24.Nb5 Bxb5 25.Qxb5 Rc8 26.Rg1 Kf7 27.Bf1 Bd8 28.Be2 Qd7 29.Qb3
Na6 30.Bc3 Qe7 31.g4 hxg4 32.hxg4 fxg4 33.Rxg4 Rg8 34.Kg2 Nc7 35.Rh1 Kf8 
36.Rh6 Qf7 37.Qc2 Qf5 38.Rg3 Qf7 39.Bg4 Rb8 40.Qxe4 b5 41.Be6 Nxe6 42.dxe6
Qb7 43.Qxb7 Rxb7 44.f5 g5 45.f6 1-0

[Event "21st Panam-ch"]
[Site "Mar del Plata ARG"]
[Date "2012.10.15"]
[Round "5.47"]
[White "Lo Presti, Roberto"]
[Black "Paveto, Kevin"]
[Result "0-1"]
[WhiteElo "2065"]
[BlackElo "2282"]
[EventDate "2012.10.12"]
[PlyCount "54"]

1.e4 e5 2.Nc3 d6 3.Bc4 Nc6 4.f4 exf4 5.Nf3 g5 6.d4 Bg7 7.h4 h6 8.d5 Ne5 9.
Nxe5 Bxe5 10.hxg5 Qxg5 11.Bb5+ Ke7 12.Qf3 Nf6 13.Ne2 Bg4 14.Qf2 Nxe4 15.
Bxf4 Nxf2 16.Bxg5+ hxg5 17.Kxf2 Bxb2 18.Rxh8 Rxh8 19.Rb1 Be5 20.Bd3 b6 21.
Rb4 f5 22.a4 f4 23.Ng1 Bd7 24.Re4 c5 25.Bb5 Bf5 26.Re2 g4 27.c4 Kf6 0-1

[Event "21st Panam-ch"]
[Site "Mar del Plata ARG"]
[Date "2012.10.15"]
[Round "5.48"]
[White "Cerda Albornoz, Guillermo"]
[Black "Heinecke, Victor"]
[Result "1-0"]
[WhiteElo "2267"]
[BlackElo "2025"]
[EventDate "2012.10.12"]
[PlyCount "153"]

1.e4 d6 2.d4 Nf6 3.Nc3 g6 4.Nf3 Bg7 5.h3 O-O 6.Bf4 c6 7.Qd2 Qa5 8.Bd3 Nbd7
9.O-O e5 10.Bh6 Rd8 11.Bxg7 Kxg7 12.a3 h6 13.Rfe1 Nf8 14.b4 Qc7 15.Ne2 Ne6
16.Qc3 Nd7 17.Qb2 a5 18.Bc4 Re8 19.Rad1 b6 20.Bxe6 Rxe6 21.d5 Re8 22.c4 c5
23.b5 Nf8 24.Nh2 Qe7 25.f4 f6 26.Nf3 Kg8 27.fxe5 fxe5 28.Qd2 Qg7 29.Rf1 
Nh7 30.Rf2 Nf6 31.Ng3 Bd7 32.Rdf1 Rf8 33.Nh4 Nh7 34.Rxf8+ Rxf8 35.Rxf8+ 
Nxf8 36.Qe3 Bc8 37.Kh2 Nh7 38.Ne2 Ng5 39.Nf3 Nf7 40.Nc3 Qf6 41.Na4 Qd8 42.
Qf2 Kg7 43.Qh4 Qc7 44.Nd2 Ng5 45.Nf1 Qd8 46.Kh1 Qc7 47.Ne3 Nh7 48.Ng4 h5 
49.Nf2 Nf6 50.Kg1 Bd7 51.Kf1 Qb8 52.Ke2 Qe8 53.Nc3 Kf7 54.g4 Kg7 55.Kd3 
Kf7 56.Qg5 Kg7 57.gxh5 Nxh5 58.Ng4 Nf4+ 59.Kc2 Bxg4 60.Qxg4 Qe7 61.Na4 Qf6
62.Nxb6 Nh5 63.Qg2 Qf4 64.Na4 Qe3 65.Nc3 Nf4 66.Qd2 Qxh3 67.b6 Qd7 68.Nb5 
Qh3 69.b7 Qf1 70.b8=Q Ne2 71.Qxd6 Nd4+ 72.Nxd4 Qxc4+ 73.Kb2 exd4 74.Qc7+ 
Kf8 75.Qb8+ Kg7 76.Qb7+ Kg8 77.d6 1-0

[Event "21st Panam-ch"]
[Site "Mar del Plata ARG"]
[Date "2012.10.15"]
[Round "5.49"]
[White "Schuh, Astor Jose"]
[Black "Santos, Haroldo Cunha dos"]
[Result "0-1"]
[WhiteElo "2055"]
[BlackElo "2263"]
[EventDate "2012.10.12"]
[PlyCount "122"]

1.e4 e5 2.Nf3 Nc6 3.Nc3 Nf6 4.d4 exd4 5.Nxd4 d6 6.Nxc6 bxc6 7.Bg5 Rb8 8.
Bc4 Be7 9.Qd3 Ng4 10.Bxe7 Qxe7 11.Bb3 Qh4 12.Qg3 Qf6 13.h3 Ne5 14.O-O-O 
Ng6 15.f4 Qxf4+ 16.Qxf4 Nxf4 17.Bxf7+ Ke7 18.Bc4 g6 19.Rd2 Rf8 20.Rf1 Be6 
21.Ba6 Rf7 22.Re1 Rbf8 23.b3 Nh5 24.Kb2 Ng3 25.Nd5+ Kd7 26.Nb4 Rf2 27.Rxf2
Rxf2 28.Bb7 c5 29.Bc6+ Kd8 30.Nd3 Re2 31.Rxe2 Nxe2 32.c4 g5 33.a4 a5 34.g4
Bf7 35.Bd5 Bg6 36.Bc6 Nd4 37.Bb7 c6 38.Nf2 Kc7 39.Ba6 h6 40.Kc3 Kb8 41.Kb2
Ne6 42.Kc3 Nc7 43.Bb5 cxb5 44.axb5 Ne6 45.Nh1 Bxe4 46.Ng3 Bg2 47.Nf5 Bxh3 
48.Nxh6 Kc7 49.Kb2 Bg2 50.Ka3 d5 51.cxd5 Bxd5 52.Nf7 Kb6 53.Ka4 Nd4 54.
Nxg5 Bxb3+ 55.Ka3 Bd1 56.Ne4 Bxg4 57.Ka4 Nxb5 58.Kb3 Be6+ 59.Ka4 Bf5 60.
Nxc5 Bc2+ 61.Nb3 Nd4 0-1

[Event "21st Panam-ch"]
[Site "Mar del Plata ARG"]
[Date "2012.10.15"]
[Round "5.50"]
[White "Conde, Adrian"]
[Black "Perez Gormaz, Matias"]
[Result "0-1"]
[WhiteElo "2053"]
[BlackElo "2261"]
[EventDate "2012.10.12"]
[PlyCount "116"]

1.e4 c5 2.c3 d6 3.d4 Nf6 4.Bd3 Nc6 5.Nf3 Bg4 6.O-O cxd4 7.cxd4 Bxf3 8.gxf3
Nxd4 9.Be3 Nc6 10.Qb3 Qd7 11.Nc3 e6 12.Rad1 Be7 13.Bb5 a6 14.Be2 O-O 15.
Na4 Qc7 16.Bb6 Qb8 17.Qe3 Nd7 18.f4 Bd8 19.Bxd8 Rxd8 20.Kh1 b5 21.Nc3 Nf6 
22.Bf3 e5 23.f5 Qa7 24.Qg5 Qe7 25.Rg1 Ne8 26.Qg3 Qf6 27.Nd5 Qh6 28.Rc1 Nd4
29.Rc3 Nf6 30.Nxf6+ Qxf6 31.Rgc1 d5 32.Qg4 Nxf3 33.Qxf3 d4 34.Rc6 Rd6 35.
Rxd6 Qxd6 36.Qd3 h6 37.a3 Re8 38.b4 Qf6 39.Rc5 Qh4 40.f3 Qf4 41.Rc7 h5 42.
Qb3 Rf8 43.Rc5 h4 44.Kg2 Qd2+ 45.Kh3 Qe2 46.Rxe5 d3 47.Rd5 Qxf3+ 48.Kxh4 
Re8 49.e5 Qf4+ 50.Kh3 Qxf5+ 51.Kg2 Qg4+ 52.Kf2 Qe2+ 53.Kg3 Re6 54.Rd8+ Kh7
55.Qxd3+ Rg6+ 56.Kf4 Qxh2+ 57.Ke3 Qxe5+ 58.Kd2 f5 0-1